| LEADER |
00697nam0a2200193 450 |
| 001 |
16841909 |
| 010 |
|
|
|a 978-2-07-519024-4
|b rel.
|d 18,9
|
| 100 |
|
|
|a 20230330d2023 u u0frey01 ba
|
| 101 |
1 |
|
|a fre
|c eng
|
| 102 |
|
|
|a FR
|
| 200 |
0 |
|
|a Dans l'habit du loup
|f Sid Sharp
|g traduit de l'anglais (Canada) par Fanny Soubiran
|
| 207 |
|
1 |
|a
|
| 210 |
|
|
|a Paris
|b 5 rue Sébastien Bottin.
|c Gallimard
|d 2023
|
| 215 |
|
|
|a 1 vol. (124 p.)
|c ill. en coul.
|d 27 cm
|
| 700 |
|
0 |
|a Sharp
|b Sid
|c auteur de bandes dessinées
|f 19..-....
|4 70
|
| 702 |
|
0 |
|a Soubiran
|b Fanny
|4 440
|
| 900 |
|
|
|a Album
|
| 901 |
|
|
|a Accessible au prêt
|
| 995 |
|
|
|a Bibliothèque
|c Bibliothèque
|f 024023476
|h 024023476
|k A SHA
|o p
|q j
|r az
|e Bibliothèque
|